| 000 | 00380nam a2200133Ia 4500 | ||
|---|---|---|---|
| 008 | 171212s9999 xx 000 0 und d | ||
| 020 | _a9781910634431 | ||
| 100 | _aMiller, Daniel | ||
| 245 |
_cMiller, Daniel _aSocial Media in an English Village |
||
| 260 |
_bUCL Press _c2016 |
||
| 440 | _aWhy We Post | ||
| 650 | _aAnthropology | ||
| 856 | _uhttp://jstor.org/stable/j.ctt1g69xs1 | ||
| 999 |
_c352883 _d352883 |
||